000 01513nam a2200349 c 4500
003 BLK
005 20180422112854.0
008 180410b bul|||||r ||||||| ||bul||
010 _aKNG00155070000
040 _aBLK
041 _aBUL
_cBUL
080 _a
_b793.4/.9
_x
_z793.4/.9
080 _aИздания за деца и юноши. Книжки-картинки. Читанки. Вж и 372.4
_b087.5
_x
_z087.5
100 1 _aДонков, Славчо Александров
_eпърви автор
_9379873
700 1 _aВълканов, Венелин Димитров
_eнарис.
_9366810
139 _aДонков, Славчо Александров
_bД 77
245 1 0 _aПекни, пекни, слънце
_bКн. играчка : За предучилищна и нач. училищна възраст
_cСлавчо Александров Донков; нарис. Венелин Димитров Вълканов.
257 _aBGR
260 София
_bОтечество
_c1987
300 _a64 с.
_bс цв. ил.
_c33 см
380 _aDN
490 1 _aПоредица Сръчния Ежко
500 _aОфс. изд. - 95 117 тир.
650 4 _aКниги-игри
_9158798
650 4 _aДетски игри
_9241574
653 _aкниги-игри
852 _aЦб ІІ 19282
856 4 _qpdf
_u
856 4 _qpdf
_u
942 _cKNG
_n0
944 _aCR
_c30.12.2013
_l30.12.2013 - от С1,Р / 30.12.2013
_kДаниел_Канатов
944 _aED
_c30.12.2013
_l30.12.2013 - от С1,Р / 30.12.2013
_k
999 _c148842
_d148842